El capitalismo en las ideologías económicas contemporáneas (Registro nro. 4370)

Detalles MARC
000 -LEADER
fixed length control field 01164 a2200205 4500
001 - CONTROL NUMBER
control field 47473
005 - DATE AND TIME OF LATEST TRANSACTION
control field 20260407155741.0
008 - FIXED-LENGTH DATA ELEMENTS--GENERAL INFORMATION
fixed length control field 260407a1972 arg spa d
003 - CONTROL NUMBER IDENTIFIER
control field AR-UNSa-BCEJYS
040 ## - CATALOGING SOURCE
Original cataloging agency AR-UNSa-BCEJYS
Language of cataloging spa
Transcribing agency AR-UNSa-BCEJYS
080 ## - UNIVERSAL DECIMAL CLASSIFICATION NUMBER
Universal Decimal Classification number 330.8
Common auxiliary subdivision Historia de las teorías, Doctrinas, Dogmas económicos (pensamiento económico)
100 1# - MAIN ENTRY--PERSONAL NAME
Personal name Ballivian Calderon, Rene
245 10 - TITLE STATEMENT
Title El capitalismo en las ideologías económicas contemporáneas
Name of part/section of a work su presente y su destino según el moderno pensamiento económico
264 #1 - PRODUCTION, PUBLICATION, DISTRIBUTION, MANUFACTURE, AND COPYRIGHT NOTICE
Place of production, publication, distribution, manufacture Buenos Aires :
Name of producer, publisher, distributor, manufacturer Paidós
Date of production, publication, distribution, manufacture, or copyright notice 1972
300 ## - PHYSICAL DESCRIPTION
Extent 222 p.
Dimensions 23 cm.
505 ## - FORMATTED CONTENTS NOTE
Formatted contents note 1. Breve mirada retrospectiva - 2. Schumpeter y la "destrucción creadora" - 3. La teoría del estancamiento y el reformismo Keynesiano - 4. Teoría y realidad del oligopolio - 5. Supervivencia del ideal de la libre competencia: El neoliberalismo - 6. Kenneth Galbraith y el concepto de los poderes compensatorios - 7. El capitalismo moderno visto por los socialistas -
590 ## - LOCAL NOTE (RLIN)
Local note niveau_biblio:m niveau_hierar:0
856 41 - ELECTRONIC LOCATION AND ACCESS
Uniform Resource Identifier <a href="https://www.biblioeco.unsa.edu.ar/pmb/images/libros/L127513.jpg">https://www.biblioeco.unsa.edu.ar/pmb/images/libros/L127513.jpg</a>
Link text Imagen de portada
Electronic format type image/jpeg
942 ## - ADDED ENTRY ELEMENTS (KOHA)
Koha item type
Existencias
Withdrawn status Lost status Damaged status Not for loan Home library Current library Shelving location Date acquired Total checkouts Full call number Barcode Date last seen Price effective from Koha item type
        Biblioteca Prof. Eusebio Cleto del Rey Biblioteca Prof. Eusebio Cleto del Rey   07/04/2026   330.8 B192 L127513 07/04/2026 07/04/2026 Libro